[Event "Moscow Blitz Final 2014"]
[Site "Moscow RUS"]
[Date "2014.09.06"]
[Round "9.7"]
[White "Morozevich, Alexander"]
[Black "Mozharov, Mikhail"]
[Result "1-0"]
[WhiteTitle "GM"]
[BlackTitle "GM"]
[WhiteElo "2731"]
[BlackElo "2555"]
[WhiteFideId "4116992"]
[BlackFideId "4189825"]
[EventDate "2014.09.06"]

1. e4 e5 2. Nf3 Nc6 3. Bb5 Nf6 4. d3 Bc5 5. c3 O-O 6. O-O Re8 7. Bg5 h6 8. Bh4
Be7 9. Nbd2 d6 10. Bxc6 bxc6 11. d4 exd4 12. Nxd4 Bd7 13. Re1 c5 14. Nf5 Bxf5
15. exf5 Nd5 16. Qf3 c6 17. Bg3 Rb8 18. Nc4 Bf8 19. Rxe8 Qxe8 20. Bxd6 Bxd6 21.
Nxd6 Qd7 22. Nc4 Re8 23. g3 Nb6 24. Rd1 Qc7 25. Ne3 Re5 26. f6 g6 27. Ng4 Rh5
28. Qe3 Nd5 29. Qe8+ Kh7 30. Qf8 1-0

[Event "Moscow Blitz Final 2014"]
[Site "Moscow RUS"]
[Date "2014.09.06"]
[Round "9.8"]
[White "Paravyan, David"]
[Black "Motylev, Alexander"]
[Result "0-1"]
[WhiteTitle "IM"]
[BlackTitle "GM"]
[WhiteElo "2428"]
[BlackElo "2686"]
[WhiteFideId "4194985"]
[BlackFideId "4121830"]
[EventDate "2014.09.06"]

1. e4 d6 2. d4 Nf6 3. Nc3 e5 4. Nge2 c6 5. f3 Be7 6. Be3 b5 7. a3 O-O 8. g4 Nbd7
9. Ng3 Nb6 10. Qd2 Nfd7 11. Nf5 exd4 12. Nxe7+ Qxe7 13. Qxd4 Ne5 14. Be2 Nec4
15. Bf2 d5 16. O-O dxe4 17. Nxe4 Rd8 18. Qc3 Nd5 19. Qb3 Be6 20. Bxc4 bxc4 21.
Qa4 Bxg4 22. Qxc4 Bxf3 23. Ng3 Qg5 24. Rae1 Nf4 25. h4 Qxh4 26. Qc3 Nh3+ 27. Kh2
Nxf2+ 28. Kg1 Qxg3# 0-1

[Event "Moscow Blitz Final 2014"]
[Site "Moscow RUS"]
[Date "2014.09.06"]
[Round "9.9"]
[White "Reshetnikov, Alexey"]
[Black "Popov, Ivan RUS"]
[Result "1/2-1/2"]
[WhiteTitle "IM"]
[BlackTitle "GM"]
[WhiteElo "2498"]
[BlackElo "2627"]
[WhiteFideId "4162080"]
[BlackFideId "4170350"]
[EventDate "2014.09.06"]

1. c4 c5 2. Nc3 Nc6 3. g3 g6 4. Bg2 Bg7 5. Nf3 e6 6. O-O Nge7 7. d3 O-O 8. a3 d5
9. Bg5 h6 10. Bd2 b6 11. Rb1 Bb7 12. b4 cxb4 13. axb4 dxc4 14. dxc4 a5 15. bxa5
Nxa5 16. Qc1 Nf5 17. Na4 Ra6 18. Rxb6 Nxc4 19. Qxc4 Rxa4 20. Qb3 Bxf3 21. Bxf3
Ra7 22. Bf4 Nd4 23. Qb4 1/2-1/2

[Event "Moscow Blitz Final 2014"]
[Site "Moscow RUS"]
[Date "2014.09.06"]
[Round "9.10"]
[White "Grischuk, Alexander"]
[Black "Riazantsev, Alexander"]
[Result "1-0"]
[WhiteTitle "GM"]
[BlackTitle "GM"]
[WhiteElo "2789"]
[BlackElo "2678"]
[WhiteFideId "4126025"]
[BlackFideId "4125029"]
[EventDate "2014.09.06"]

1. d4 e6 2. Nf3 f5 3. h3 Nf6 4. g4 d5 5. c4 c6 6. Nc3 Bd6 7. Bg5 O-O 8. e3 Qa5
9. Bxf6 Rxf6 10. gxf5 exf5 11. cxd5 Bb4 12. Qb3 cxd5 13. a3 Bxc3+ 14. Qxc3 Qxc3+
15. bxc3 f4 16. Ne5 fxe3 17. fxe3 Nc6 18. Bg2 Be6 19. Nd3 Rd8 20. Rf1 Rxf1+ 21.
Kxf1 b6 22. Nf4 Bf7 23. c4 Ne7 24. cxd5 Nxd5 25. Nxd5 Bxd5 26. Rc1 Bxg2+ 27.
Kxg2 Rd7 28. Kf3 Kf7 29. Rc6 Ke7 30. Ke4 Rd6 31. Rc7+ Rd7 32. Rc8 Kf6 33. d5 h5
34. Kd4 g5 35. e4 g4 36. hxg4 hxg4 37. e5+ Kg7 38. e6 1-0

[Event "Moscow Blitz Final 2014"]
[Site "Moscow RUS"]
[Date "2014.09.06"]
[Round "10.1"]
[White "Moskalenko, Alexander"]
[Black "Riazantsev, Alexander"]
[Result "0-1"]
[WhiteTitle "IM"]
[BlackTitle "GM"]
[WhiteElo "2460"]
[BlackElo "2678"]
[WhiteFideId "4155351"]
[BlackFideId "4125029"]
[EventDate "2014.09.06"]

1. Nf3 Nf6 2. g3 d5 3. Bg2 c6 4. O-O Bf5 5. c4 e6 6. b3 Be7 7. Bb2 O-O 8. d3 h6
9. Nbd2 Nbd7 10. Rc1 a5 11. a3 Re8 12. Rc2 Bd6 13. Qa1 Qe7 14. Rfc1 e5 15. cxd5
cxd5 16. Nh4 Be6 17. Nhf3 Bg4 18. h3 Bf5 19. Nh4 Bh7 20. Re1 e4 21. dxe4 dxe4
22. Nc4 g5 23. Nxd6 Qxd6 24. Rd1 Qe6 25. Rcd2 Ra6 26. e3 gxh4 27. Bf1 Rb6 28.
Bc4 Qxh3 29. Bd4 Rd6 30. Bxf6 Rxf6 31. Rxd7 Qf5 32. Qb2 hxg3 33. fxg3 Qg5 34.
Kh2 Bg6 35. R1d6 Rf3 36. Qg2 Re7 37. Rxg6+ Qxg6 38. Rxe7 Qh5+ 39. Kg1 Qg5 40.
Kh2 Qxe7 41. Qh3 Qg5 42. Kg2 Kg7 43. Be2 0-1

[Event "Moscow Blitz Final 2014"]
[Site "Moscow RUS"]
[Date "2014.09.06"]
[Round "10.2"]
[White "Popov, Ivan RUS"]
[Black "Grischuk, Alexander"]
[Result "0-1"]
[WhiteTitle "GM"]
[BlackTitle "GM"]
[WhiteElo "2627"]
[BlackElo "2789"]
[WhiteFideId "4170350"]
[BlackFideId "4126025"]
[EventDate "2014.09.06"]

1. e4 d6 2. d4 Nf6 3. Nc3 g6 4. Nf3 Bg7 5. Be2 O-O 6. O-O Nc6 7. Be3 Bg4 8. Nd2
Bxe2 9. Qxe2 e5 10. dxe5 dxe5 11. Nb3 Nd4 12. Bxd4 exd4 13. Rad1 Nh5 14. Nb5 c5
15. Nxc5 Qg5 16. b4 b6 17. Nb3 Nf4 18. Qf3 Nxg2 19. Qxg2 Qxb5 20. a3 Rad8 21. f4
d3 22. cxd3 Rxd3 23. Rxd3 Qxd3 24. Qf3 Rd8 25. e5 Qf5 26. Nc1 Bf8 27. Kg2 Qc2+
28. Ne2 Rd3 29. Qf2 Rxa3 30. Nd4 Qxf2+ 31. Rxf2 Bxb4 32. Nc6 Bc5 33. Rd2 a5 34.
Rd8+ Bf8 35. Rb8 Rb3 36. Nxa5 Rb4 37. Nc6 Rxf4 38. Rxb6 Rc4 39. Kf3 g5 40. h3 h5
41. Ra6 Kg7 42. Nd8 Be7 43. Nc6 Bc5 44. e6 Rf4+ 45. Kg2 Rf2+ 46. Kg3 h4+ 47. Kg4
fxe6 48. Kxg5 Be3+ 49. Kxh4 Rf8 50. Ne5 Bd4 51. Nd3 Rf3 52. Nb4 Kf7 53. Kg4 Rb3
54. Nc6 Bf6 55. Ra5 Rc3 56. Ne5+ Kg7 57. Ra7+ Kh6 58. Nf3 Rc4+ 59. Kg3 Kg6 60.
Ra6 Kf5 61. Ra5+ e5 62. Nd2 Rd4 63. Nf3 Rd3 64. Kf2 Kf4 65. Ng1 Bh4+ 66. Kf1
Rd1+ 67. Kg2 Rd2+ 68. Kf1 Rf2+ 69. Ke1 Ra2+ 0-1

[Event "Moscow Blitz Final 2014"]
[Site "Moscow RUS"]
[Date "2014.09.06"]
[Round "10.3"]
[White "Motylev, Alexander"]
[Black "Reshetnikov, Alexey"]
[Result "0-1"]
[WhiteTitle "GM"]
[BlackTitle "IM"]
[WhiteElo "2686"]
[BlackElo "2498"]
[WhiteFideId "4121830"]
[BlackFideId "4162080"]
[EventDate "2014.09.06"]

1. e4 c5 2. b3 Nc6 3. Bb5 e5 4. Ne2 Nf6 5. Nbc3 Be7 6. Bxc6 bxc6 7. O-O O-O 8.
d3 d6 9. Kh1 Ne8 10. f4 exf4 11. Nxf4 Bf6 12. Bb2 Nc7 13. Qc1 Ne6 14. Nh5 Be5
15. Ne2 Nd4 16. Nef4 Qh4 17. Ng3 f5 18. c3 fxe4 19. cxd4 Bxf4 0-1

[Event "Moscow Blitz Final 2014"]
[Site "Moscow RUS"]
[Date "2014.09.06"]
[Round "10.4"]
[White "Mozharov, Mikhail"]
[Black "Paravyan, David"]
[Result "1-0"]
[WhiteTitle "GM"]
[BlackTitle "IM"]
[WhiteElo "2555"]
[BlackElo "2428"]
[WhiteFideId "4189825"]
[BlackFideId "4194985"]
[EventDate "2014.09.06"]

1. d4 Nf6 2. g3 e6 3. Bg2 c5 4. Nf3 Nc6 5. O-O cxd4 6. Nxd4 Bc5 7. Nb5 d5 8. Bf4
O-O 9. c4 Bb6 10. cxd5 Nxd5 11. Bd6 Re8 12. Ba3 Qf6 13. N1c3 Nxc3 14. Nxc3 Rd8
15. Qa4 Bd7 16. Ne4 Qg6 17. e3 Ne5 18. Qb3 Bc6 19. Qc3 f6 20. Nc5 Bxg2 21. Kxg2
Rac8 22. Rad1 Rxd1 23. Rxd1 Bxc5 24. Bxc5 Qe4+ 25. Kf1 b6 26. Qb3 Ng4 27. Rd4
Qh1+ 28. Ke2 Re8 1-0

[Event "Moscow Blitz Final 2014"]
[Site "Moscow RUS"]
[Date "2014.09.06"]
[Round "10.5"]
[White "Belous, Vladimir"]
[Black "Morozevich, Alexander"]
[Result "0-1"]
[WhiteTitle "GM"]
[BlackTitle "GM"]
[WhiteElo "2584"]
[BlackElo "2731"]
[WhiteFideId "4174003"]
[BlackFideId "4116992"]
[EventDate "2014.09.06"]

1. d4 d5 2. c4 e5 3. dxe5 d4 4. Nf3 Nc6 5. g3 Nge7 6. Bg2 Ng6 7. O-O Ngxe5 8.
Nbd2 Nxf3+ 9. Nxf3 Bc5 10. Ne1 O-O 11. Nd3 Be7 12. Bf4 a5 13. Qc1 Bf6 14. Rd1
Qe7 15. e3 g5 16. exd4 gxf4 17. Re1 Qd6 18. Nxf4 Nxd4 19. c5 Qd8 20. Nh5 Bg4 21.
Qh6 Bxh5 22. Qxh5 Bg7 23. Bxb7 Rb8 24. Be4 f5 25. Bd3 Qd5 26. Re3 Rxb2 27. Rc1
Kh8 28. g4 Nf3+ 29. Kf1 Ne5 30. Bc2 0-1

[Event "Moscow Blitz Final 2014"]
[Site "Moscow RUS"]
[Date "2014.09.06"]
[Round "10.6"]
[White "Fedoseev, Vladimir3"]
[Black "Grachev, Boris"]
[Result "1/2-1/2"]
[WhiteTitle "GM"]
[BlackTitle "GM"]
[WhiteElo "2677"]
[BlackElo "2673"]
[WhiteFideId "24130737"]
[BlackFideId "4129199"]
[EventDate "2014.09.06"]

1. d4 d5 2. c4 e6 3. Nf3 Nf6 4. Nc3 Nbd7 5. Bg5 Be7 6. e3 h6 7. Bh4 O-O 8. Be2
c5 9. dxc5 Nxc5 10. O-O dxc4 11. Ne5 Nfe4 12. Qxd8 Bxd8 13. Nxe4 Nxe4 14. Bxd8
Rxd8 15. Rfd1 Rxd1+ 16. Rxd1 Kf8 17. Bf3 Nf6 18. Rd8+ Ke7 19. Rh8 Ne8 20. h4 Nd6
21. Rg8 a5 22. Be2 a4 23. Nxc4 Nxc4 24. Bxc4 g6 25. g4 Rb8 26. Bb5 Ra8 27. Be2
Rb8 28. h5 gxh5 29. gxh5 b5 30. Bf3 b4 31. a3 bxa3 32. bxa3 Rb1+ 33. Kh2 Bd7 34.
Ra8 Rb3 35. Ra7 Kd6 36. Ra6+ Ke7 37. Ra7 Kd6 38. Ra6+ Ke7 1/2-1/2

[Event "Moscow Blitz Final 2014"]
[Site "Moscow RUS"]
[Date "2014.09.06"]
[Round "10.7"]
[White "Seliverstov, Vladimir"]
[Black "Dubov, Daniil"]
[Result "0-1"]
[WhiteTitle "FM"]
[BlackTitle "GM"]
[WhiteElo "2432"]
[BlackElo "2614"]
[WhiteFideId "4192036"]
[BlackFideId "24126055"]
[EventDate "2014.09.06"]

1. c4 e5 2. g3 Nf6 3. Bg2 d5 4. cxd5 Nxd5 5. Nc3 Nxc3 6. bxc3 Nc6 7. d3 Bc5 8.
Nf3 O-O 9. O-O Rb8 10. Qc2 Be6 11. Rd1 Bf5 12. Bb2 Qe7 13. e4 Bg4 14. d4 Bb6 15.
h3 Bxf3 16. Bxf3 Qf6 17. Bg2 exd4 18. cxd4 Bxd4 19. Rab1 h6 20. Ba3 Rfe8 21. Rb3
Rbd8 22. Rf3 Qe6 23. Rfd3 Bb6 24. Kh2 0-1

[Event "Moscow Blitz Final 2014"]
[Site "Moscow RUS"]
[Date "2014.09.06"]
[Round "10.8"]
[White "Savchenko, Boris"]
[Black "Malakhov, Vladimir"]
[Result "1/2-1/2"]
[WhiteTitle "GM"]
[BlackTitle "GM"]
[WhiteElo "2608"]
[BlackElo "2696"]
[WhiteFideId "4147332"]
[BlackFideId "4120787"]
[EventDate "2014.09.06"]

1. e4 e5 2. Nf3 Nc6 3. Bb5 Nf6 4. d3 Bc5 5. c3 O-O 6. Bxc6 bxc6 7. Nxe5 d5 8. d4
Bb6 9. Bg5 dxe4 10. Nd2 Bf5 11. Nxc6 Qe8 12. Nb4 c5 13. dxc5 Bxc5 14. Nb3 Bxb4
15. cxb4 Qb5 16. Bxf6 gxf6 17. Qd4 Bg4 18. f3 Rad8 19. Qc5 Qxc5 20. Nxc5 exf3
21. gxf3 Bxf3 22. O-O Ba8 23. Rae1 Rd4 24. b5 Rc8 25. Rf5 Rg4+ 26. Kf1 Rh4 27.
Re2 Kg7 28. Ref2 Rd4 29. a3 Bd5 30. b4 Bc4+ 31. Kg2 Bxb5 32. Rxf6 Bc4 33. R6f4
Bd5+ 34. Kg3 Rd1 35. Rg4+ Kf8 36. Kf4 Re8 37. Rg3 Bc6 38. Rc3 Rd4+ 39. Kg3 Kg7
40. Nb3 Rd6 41. Rf4 h5 42. Nd4 Bd7 43. Rc5 Rg6+ 44. Kh4 Re3 45. Nf5+ Bxf5 46.
Rcxf5 Rg4+ 47. Rxg4+ hxg4 48. Ra5 f5 49. Kg5 Rh3 50. Rxa7+ Kf8 51. Kxf5 Rxh2 52.
Kxg4 Ke8 53. Kf4 Re2 54. Kf3 Re1 55. Rc7 Kd8 56. Rc3 Kd7 57. Re3 Ra1 58. Ke2 Kc6
59. Kd2 Kb5 60. Kc2 Ka4 61. Kb2 Rh1 62. Re8 Rh2+ 63. Kc3 Rh3+ 64. Kc4 Rh4+ 65.
Kc5 Rh5+ 66. Kc6 Rh6+ 67. Kc7 Rh7+ 68. Kd6 Kxa3 69. b5 Kb4 70. b6 Kb5 71. Rb8
Ka6 72. Kc6 Rh6+ 73. Kc5 Rh5+ 74. Kc4 1/2-1/2

[Event "Moscow Blitz Final 2014"]
[Site "Moscow RUS"]
[Date "2014.09.06"]
[Round "10.9"]
[White "Najer, Evgeniy"]
[Black "Kretov, Evgenij"]
[Result "1-0"]
[WhiteTitle "GM"]
[BlackTitle "FM"]
[WhiteElo "2646"]
[BlackElo "2263"]
[WhiteFideId "4118987"]
[BlackFideId "4167821"]
[EventDate "2014.09.06"]

1. e4 c5 2. Nc3 Nc6 3. Bb5 Nd4 4. Bc4 e6 5. Nge2 a6 6. Nxd4 cxd4 7. Ne2 b5 8.
Bb3 Qb6 9. O-O Bb7 10. d3 Nf6 11. Bd2 a5 12. a4 b4 13. Qe1 Bc5 14. f3 Qc7 15.
Kh1 O-O-O 16. c3 dxc3 17. bxc3 Qb6 18. cxb4 Bxb4 19. Rb1 d5 20. Bxb4 axb4 21.
Qg3 Rhg8 22. Rfc1+ Kd7 23. a5 Qxa5 24. Ra1 Qb6 25. Ba4+ Ke7 26. Qc7+ 1-0

[Event "Moscow Blitz Final 2014"]
[Site "Moscow RUS"]
[Date "2014.09.06"]
[Round "10.10"]
[White "Karjakin, Sergey"]
[Black "Dvalishvili, Pavel S."]
[Result "1/2-1/2"]
[WhiteTitle "GM"]
[BlackTitle "IM"]
[WhiteElo "2777"]
[BlackElo "2439"]
[WhiteFideId "14109603"]
[BlackFideId "4121996"]
[EventDate "2014.09.06"]

1. e4 e5 2. Nf3 Nc6 3. Bb5 Nge7 4. c3 d6 5. d4 Bd7 6. O-O Ng6 7. d5 Nb8 8. Bxd7+
Nxd7 9. c4 Be7 10. Nc3 O-O 11. g3 h6 12. Be3 Nf6 13. Ne1 Nh7 14. f3 Qd7 15. Nd3
f5 16. exf5 Qxf5 17. Kh1 Ng5 18. Bxg5 Bxg5 19. Qe2 Ne7 20. h4 Bf6 21. Ne4 Qg6
22. Qh2 Nf5 23. Rae1 Rae8 24. Qh3 Bd8 25. Qg4 Qf7 26. h5 c6 27. dxc6 bxc6 28.
Nc3 Qxh5+ 29. Kg2 Qf7 30. c5 h5 31. Qh3 Qc4 32. Nf2 h4 33. Nfe4 d5 34. Nd6 Nxd6
35. cxd6 Qb4 36. d7 Re7 37. Re2 Qd6 38. Qxh4 Ref7 39. Qh5 Rf5 40. Qg4 Rg5 41.
Qh3 Rg6 42. Rfe1 Rh6 43. Qg4 Rg6 44. Qh3 Rh6 45. Qg4 Rg6 46. Qh3 Rh6 47. Qg4 Rg6 1/2-1/2

[Event "Moscow Blitz Final 2014"]
[Site "Moscow RUS"]
[Date "2014.09.06"]
[Round "11.1"]
[White "Dvalishvili, Pavel S."]
[Black "Moskalenko, Alexander"]
[Result "0-1"]
[WhiteTitle "IM"]
[BlackTitle "IM"]
[WhiteElo "2439"]
[BlackElo "2460"]
[WhiteFideId "4121996"]
[BlackFideId "4155351"]
[EventDate "2014.09.06"]

1. e4 c5 2. Nf3 Nc6 3. Bb5 g6 4. Bxc6 bxc6 5. Nc3 Bg7 6. d3 d6 7. Be3 Nh6 8. h3
f6 9. Qd2 Nf7 10. a3 O-O 11. b4 cxb4 12. axb4 a5 13. O-O Bd7 14. bxa5 Rxa5 15.
Rab1 Ra6 16. Ne2 f5 17. Rb7 Bc8 18. Rb8 Qc7 19. Rfb1 Ra1 20. Rxa1 Qxb8 21. Bd4
e5 22. Bc3 d5 23. Ng3 fxe4 24. dxe4 d4 25. Bb4 Re8 26. c3 Be6 27. Bc5 Rd8 28.
cxd4 exd4 29. Rc1 Bh6 30. Qd1 Bxc1 31. Qxc1 d3 32. Qc3 d2 33. Nxd2 Qe5 34. Qxe5
Nxe5 35. Ngf1 Nd3 36. Be7 Rc8 37. Bf6 c5 38. Ne3 Rf8 39. Bc3 Rxf2 40. Nf3 Re2
41. Bd2 Ne5 42. Kf1 Nxf3 43. Kxe2 Nd4+ 44. Kd3 Nc6 45. Bc3 Kf7 46. h4 Ke7 47. g4
Kd6 48. g5 Ne5+ 49. Ke2 Nc6 50. Ng2 Bc4+ 51. Ke3 Bf7 52. Nf4 Ne5 53. Nd3 Nc4+
54. Kf4 Be6 55. Be1 Nb6 56. Ba5 Nd7 57. Bc3 c4 58. Bb4+ Kc6 59. Ne5+ Kb5 60. Bc3
Nc5 61. Nf3 Nb3 62. Ke5 Bg4 63. Nd4+ Ka4 64. Nc6 Nc1 65. Kf6 Ne2 66. Be5 c3 67.
Bxc3 Nxc3 68. e5 Kb5 69. Nd8 Nd5+ 70. Kg7 Nf4 71. Kf6 Kc5 72. e6 Nd5+ 73. Kf7
Kd6 74. Nb7+ Kc7 75. Nc5 Kc6 76. Nd3 Kd6 77. Kg7 Bf5 78. Ne1 Nf4 79. Kxh7 Kxe6
80. Kg7 Be4 0-1

[Event "Moscow Blitz Final 2014"]
[Site "Moscow RUS"]
[Date "2014.09.06"]
[Round "11.2"]
[White "Kretov, Evgenij"]
[Black "Karjakin, Sergey"]
[Result "0-1"]
[WhiteTitle "FM"]
[BlackTitle "GM"]
[WhiteElo "2263"]
[BlackElo "2777"]
[WhiteFideId "4167821"]
[BlackFideId "14109603"]
[EventDate "2014.09.06"]

1. d4 Nf6 2. c4 e6 3. Nc3 Bb4 4. Bg5 h6 5. Bh4 O-O 6. Qc2 d6 7. e3 Nbd7 8. Nf3
b6 9. Be2 Bb7 10. O-O Bxc3 11. Qxc3 g5 12. Bg3 Ne4 13. Qc2 f5 14. Nd2 Nxg3 15.
hxg3 g4 16. e4 Qg5 17. d5 f4 18. dxe6 Ne5 19. gxf4 Rxf4 20. g3 Rf6 21. Rfe1 Rxe6
22. b4 c5 23. a3 Rf8 24. Qc3 Ref6 25. Rf1 h5 26. Kg2 Ng6 27. Qe3 Qxe3 28. fxe3
Rxf1 29. Bxf1 Kg7 30. Be2 Kh6 31. Rd1 Kg5 32. Rg1 Ne5 33. Rd1 Rf6 34. Rg1 Rf7
35. Rd1 Nd7 36. Bd3 Rf6 37. Be2 Ne5 38. Rg1 Bc8 39. Rd1 Be6 40. Rg1 Bg8 41. Rd1
Rf8 42. Rg1 Be6 43. Rd1 Kg6 44. Rg1 Rc8 45. b5 Ra8 46. Rb1 Kf6 47. Kf2 a6 48.
bxa6 Rxa6 49. Rb3 Ke7 50. Ke1 Kd7 51. Kd1 Kc7 52. Ke1 Ra4 53. Rc3 Ra8 54. Kf2
Rf8+ 55. Kg2 Bd7 56. Rb3 Ra8 57. Rc3 Bc6 58. Kf2 Nd7 59. Kg2 Nf6 60. Bd3 Re8 61.
Kf2 Bxe4 62. Nxe4 Nxe4+ 63. Bxe4 Rxe4 64. Rc1 Re8 65. Rh1 Re4 66. Rc1 Re5 67.
Ke2 Rf5 68. Rh1 Kc6 69. Kd3 d5 70. cxd5+ Rxd5+ 71. Ke4 c4 72. Rf1 Kc5 73. Rf8
Rd6 74. Rf5+ Kc6 75. Rxh5 c3 76. Rh1 Kc5 77. Kf4 Kc4 78. Kxg4 Kb3 79. Kf5 Kxa3
80. e4 c2 81. Rc1 Kb2 82. Rxc2+ Kxc2 83. e5 Rd8 84. e6 b5 85. e7 Re8 86. Kf6 b4
87. Kf7 Rxe7+ 0-1

[Event "Moscow Blitz Final 2014"]
[Site "Moscow RUS"]
[Date "2014.09.06"]
[Round "11.3"]
[White "Malakhov, Vladimir"]
[Black "Najer, Evgeniy"]
[Result "1-0"]
[WhiteTitle "GM"]
[BlackTitle "GM"]
[WhiteElo "2696"]
[BlackElo "2646"]
[WhiteFideId "4120787"]
[BlackFideId "4118987"]
[EventDate "2014.09.06"]

1. e4 c5 2. Nf3 Nf6 3. Nc3 d5 4. exd5 Nxd5 5. g3 Nc6 6. Bg2 g6 7. O-O Bg7 8. Ne4
b6 9. d3 O-O 10. Re1 Bb7 11. a4 Rc8 12. c3 Ba6 13. Qc2 Nf6 14. Bf1 Nxe4 15. dxe4
Bxf1 16. Kxf1 Qd7 17. Kg2 Rfd8 18. Be3 h6 19. Nd2 Nd4 20. Qd1 Nc6 21. Qe2 Ne5
22. Red1 Qb7 23. f3 Rd7 24. a5 Rcd8 25. axb6 axb6 26. Nf1 Rxd1 27. Rxd1 Rxd1 28.
Qxd1 Nc4 29. Bc1 Kh7 30. Ne3 Nxe3+ 31. Bxe3 e6 32. Qd3 Qc6 33. Qa6 f5 34. exf5
exf5 35. Bf2 h5 36. h4 Qe6 37. Bxc5 Qb3 38. Qxb6 Qc2+ 39. Bf2 f4 40. gxf4 Qb1
41. Qb7 Qc2 42. Kg3 Kh6 43. f5 Be5+ 44. Kg2 Qxf5 45. Be3+ Bf4 46. Bxf4+ Qxf4 47.
Qd5 Qxh4 48. b4 Qf6 49. Qd4 Qa6 50. Qh8+ Kg5 51. Qe5+ Kh6 52. b5 Qa2+ 53. Kg3
Qb2 54. Qh8+ Kg5 55. f4+ 1-0

[Event "Moscow Blitz Final 2014"]
[Site "Moscow RUS"]
[Date "2014.09.06"]
[Round "11.4"]
[White "Dubov, Daniil"]
[Black "Savchenko, Boris"]
[Result "1-0"]
[WhiteTitle "GM"]
[BlackTitle "GM"]
[WhiteElo "2614"]
[BlackElo "2608"]
[WhiteFideId "24126055"]
[BlackFideId "4147332"]
[EventDate "2014.09.06"]

1. d4 e6 2. c4 Nf6 3. Nf3 c5 4. d5 b5 5. Bf4 bxc4 6. Nc3 exd5 7. Nxd5 Na6 8. e4
Bb7 9. Bxc4 Nxd5 10. exd5 Nc7 11. Qe2+ Be7 12. d6 Ne6 13. dxe7 Qxe7 14. Bxe6
fxe6 15. O-O-O Bd5 16. Bg5 Qd6 17. Qe5 Qxe5 18. Nxe5 Rf8 19. Be3 d6 20. Nf3 Kd7
21. b3 Bxf3 22. gxf3 Rxf3 23. Rhg1 g6 24. Rg3 Rf5 25. Rh3 Rh8 26. Rh4 a6 27. Kc2
Kc6 28. Ra4 Ra8 29. Rh4 Rh8 30. Rc4 Rb8 31. a3 Rh5 32. Bf4 e5 33. Bg3 d5 34. Ra4
Ra8 35. b4 d4 36. Ra5 e4 37. Rxc5+ Rxc5+ 38. bxc5 Kxc5 39. Be5 Rd8 40. Bf6 Rd7
41. Kd2 a5 42. Rb1 Rf7 43. Bh4 Rf3 44. a4 Rh3 45. Bg3 h5 46. Rb5+ Kc4 47. Rxa5
h4 48. Bd6 e3+ 49. fxe3 Rxe3 50. Rc5+ Kb3 51. a5 Re6 52. Be5 g5 53. Bxd4 g4 54.
Rg5 g3 55. hxg3 hxg3 56. Rxg3+ Kc4 57. Bb6 Kb5 58. Kc3 Re7 59. Kb3 Ka6 60. Rg5
Re4 61. Rd5 Rh4 62. Bd4 Rh1 63. Ka4 Rh6 64. Rf5 Rd6 65. Bc5 Re6 66. Bb4 Rc6 67.
Rd5 Re6 68. Rb5 Re2 69. Rb6+ Ka7 70. Rh6 Re5 71. Rg6 Kb7 72. Bc3 Rc5 73. Kb4 Rc6
74. Rg7+ Ka6 75. Rg5 Re6 76. Bd4 Rd6 77. Bc5 Re6 78. Rd5 Re4+ 79. Bd4 Re6 80.
Rd7 Rb6+ 81. Kc4 Rb4+ 82. Kc5 Rb5+ 83. Kc6 Kxa5 84. Ra7+ Kb4 85. Bc3+ 1-0

[Event "Moscow Blitz Final 2014"]
[Site "Moscow RUS"]
[Date "2014.09.06"]
[Round "11.5"]
[White "Grachev, Boris"]
[Black "Seliverstov, Vladimir"]
[Result "1-0"]
[WhiteTitle "GM"]
[BlackTitle "FM"]
[WhiteElo "2673"]
[BlackElo "2432"]
[WhiteFideId "4129199"]
[BlackFideId "4192036"]
[EventDate "2014.09.06"]

1. d4 g6 2. Nf3 Bg7 3. Bf4 Nf6 4. e3 O-O 5. h3 d6 6. Be2 Nbd7 7. Bh2 c5 8. c3 b6
9. O-O Bb7 10. a4 a6 11. Nfd2 Qc7 12. Re1 Bc6 13. Bf3 Rfe8 14. Na3 Qb7 15. Nac4
Bxf3 16. Qxf3 d5 17. Ne5 e6 18. Qe2 b5 19. Ndf3 c4 20. Nxd7 Nxd7 21. Ra2 b4 22.
a5 Ra7 23. Bd6 Bf8 24. Bg3 bxc3 25. bxc3 Qb3 26. Qc2 Rb7 27. Nd2 Qxc2 28. Rxc2
Rb5 29. Ra2 Ra8 30. e4 Nf6 31. f3 Bh6 32. Be5 Bxd2 33. Rxd2 Nd7 34. exd5 Rxd5
35. Bc7 Ra7 36. Bd8 Rb7 37. Ra2 Kf8 38. Ra4 Ke8 39. Bh4 g5 40. Bg3 Rb2 41. Rea1
Rc2 42. Rxc4 Rb5 43. Bd6 Nf6 44. Rb4 Rd5 45. Rb8+ Kd7 46. Be5 Nh5 47. Rab1 Rxa5
48. R8b7+ Ke8 49. Rb8+ Kd7 50. R1b7+ Kc6 51. c4 Rxc4 52. Rc7+ 1-0

[Event "Moscow Blitz Final 2014"]
[Site "Moscow RUS"]
[Date "2014.09.06"]
[Round "11.6"]
[White "Morozevich, Alexander"]
[Black "Fedoseev, Vladimir3"]
[Result "1-0"]
[WhiteTitle "GM"]
[BlackTitle "GM"]
[WhiteElo "2731"]
[BlackElo "2677"]
[WhiteFideId "4116992"]
[BlackFideId "24130737"]
[EventDate "2014.09.06"]

1. e4 e5 2. Nf3 Nc6 3. Nc3 Nf6 4. d4 exd4 5. Nxd4 Bb4 6. Nxc6 bxc6 7. Bd3 d5 8.
exd5 O-O 9. O-O cxd5 10. h3 c6 11. Qf3 h6 12. Bf4 Bd6 13. Rfe1 Rb8 14. b3 Rb4
15. Bxd6 Qxd6 16. Ne2 Ne4 17. Rad1 Re8 18. c4 Ng5 19. Qf4 Qxf4 20. Nxf4 Rxe1+
21. Rxe1 Kf8 22. Rc1 d4 23. c5 Be6 24. h4 1-0

[Event "Moscow Blitz Final 2014"]
[Site "Moscow RUS"]
[Date "2014.09.06"]
[Round "11.7"]
[White "Paravyan, David"]
[Black "Belous, Vladimir"]
[Result "0-1"]
[WhiteTitle "IM"]
[BlackTitle "GM"]
[WhiteElo "2428"]
[BlackElo "2584"]
[WhiteFideId "4194985"]
[BlackFideId "4174003"]
[EventDate "2014.09.06"]

1. e4 c5 2. Nf3 Nc6 3. Nc3 g6 4. d4 cxd4 5. Nxd4 Bg7 6. Be3 Nf6 7. Bc4 O-O 8.
Bb3 Qa5 9. O-O d6 10. h3 Bd7 11. f4 Nxd4 12. Bxd4 Bc6 13. Nd5 Bxd5 14. exd5 Rac8
15. Kh2 Rfe8 16. Qf3 Ng4+ 17. hxg4 Bxd4 18. c3 Bg7 19. g5 Qc5 20. Rae1 Rcd8 21.
Re4 b5 22. Rfe1 a5 23. a4 b4 24. cxb4 axb4 25. R1e2 Rc8 26. Qd3 Qc1 27. Rxb4
Bxb2 28. Rbe4 Kf8 29. Qh3 Rc3 30. Qxh7 Rxb3 31. Rxb2 Qxb2 32. Re5 e6 33. Qh8+
Ke7 34. Qf6+ Kd7 35. Qxf7+ Kd8 36. Qf6+ Kc8 37. Qf7 Kd8 0-1

[Event "Moscow Blitz Final 2014"]
[Site "Moscow RUS"]
[Date "2014.09.06"]
[Round "11.8"]
[White "Reshetnikov, Alexey"]
[Black "Mozharov, Mikhail"]
[Result "1/2-1/2"]
[WhiteTitle "IM"]
[BlackTitle "GM"]
[WhiteElo "2498"]
[BlackElo "2555"]
[WhiteFideId "4162080"]
[BlackFideId "4189825"]
[EventDate "2014.09.06"]

1. c4 c5 2. Nc3 Nc6 3. g3 g6 4. Bg2 Bg7 5. Nf3 e6 6. O-O Nge7 7. d3 O-O 8. a3 b6
9. Bg5 h6 10. Bd2 Bb7 11. Rb1 d6 12. b4 Qd7 13. Qc1 Kh7 14. Rd1 Rad8 15. Nb5 Nf5
16. e3 Ne5 17. Nxe5 Bxe5 18. Bxb7 Qxb7 19. e4 Ng7 20. Bxh6 cxb4 21. axb4 d5 22.
exd5 exd5 23. d4 Bf6 24. c5 a6 25. Nd6 Qc6 26. Bg5 Rxd6 27. cxd6 Qxd6 28. b5
axb5 29. Rxb5 Rd8 30. Bxf6 Qxf6 31. Qc7 Rd6 32. Qb7 Qe6 33. Rdb1 Nf5 34. Rxb6
Rxb6 35. Qxb6 Qe4 36. Qb7 Kg7 37. Qb5 Nxd4 38. Qb2 Kh7 39. Rd1 Nf3+ 40. Kf1
Nxh2+ 41. Kg1 Nf3+ 42. Kf1 Nh2+ 43. Kg1 1/2-1/2